'The Scream' Parodies Quiz Stats

 Plays Quiz Updated Feb 17, 2016

Also try: Mona Lisa Parodies
Challenge
Share
Tweet
Score 0/22 Timer 05:00
6 Plays Today
% Correct
Lisa Simpson
99.4%
The Joker
99%
Where's Waldo
96.4%
Buddy the Elf
94.1%
Pluto
93.6%
C-3PO
93.5%
Luigi
93.5%
Mona Lisa
92.2%
Kevin McCallister
91.2%
Pikachu
90.8%
Uncle Sam
87.8%
% Correct
Lego
85.8%
Scream
84.1%
Telly
83%
Rex
81.8%
Squidward Tentacles
81.6%
Beaker
81.1%
Pillsbury Doughboy
75.9%
Skeletor
67.4%
Jake the Dog
59.1%
Cyclops
56.7%
Naruto
33%

You're not logged in!

Compare scores with friends on all Sporcle quizzes.
OR
Log In

You Might Also Like...

Show Comments

Extras

Top Quizzes Today


Score Distribution

Your Account Isn't Verified!

In order to create a playlist on Sporcle, you need to verify the email address you used during registration. Go to your Sporcle Settings to finish the process.

Report this User

Report this user for behavior that violates our Community Guidelines.

Details: